000 00669nam a2200229 a 4500
999 _c8106
_d8106
001 8106
003 BD-JhCC
005 20180218184829.0
008 180218b2001 bg |||| ||a| 000 0 ben d
020 _a9845552676
035 _a(BD-JhCC) 8106
040 _aBD-JhCC
_dBD-JhCC
041 _aben
082 _a891.4415
_bISL 2001
100 _aইসলাম, কাজী নজরুল
245 _aভাঙার গান /
_cকাজী নজরুল ইসলাম
260 _aঢাকা :
_bনজরুল ইন্সটিটিউট ,
_c2001
300 _a44 p .:
_c22 cm .
650 _aBengali Poetry
942 _2ddc
_cBK